[Event "ICS rated blitz match"]
[Site "207.99.83.227"]
[Date "1999.05.08"]
[Round "?"]
[White "Hossa"]
[Black "R-172"]
[Result "1-0"]
[WhiteElo "2488"]
[BlackElo "2219"]
[PlyCount "49"]

1. e4 e5 2. f4 exf4 3. Nf3 d6 4. Bc4 g5 5. h4 g4 6. Ng5 Nh6 7. O-O Qf6 8. d4
Bg7 9. c3 f3 10. gxf3 Qg6 11. fxg4 Bxg4 12. Qxg4 Nxg4 13. Bxf7+ Qxf7 14. Rxf7
Rg8 15. Rxc7 Nc6 16. Ne6 Bf6 17. Rxh7 Bxd4+ 18. cxd4 Nxd4 19. Nc7+ Kf8 20. Bg5
Nf3+ 21. Kf1 Nxg5 22. hxg5 Rc8 23. Nc3 Rxg5 24. Ne6+ Kg8 25. Nxg5 {
R-172 resigns} 1-0

[Event "ICS rated blitz match"]
[Site "207.99.83.227"]
[Date "1999.05.08"]
[Round "?"]
[White "Hossa"]
[Black "blunite"]
[Result "1-0"]
[WhiteElo "2493"]
[BlackElo "2297"]
[PlyCount "48"]

1. e4 e5 2. f4 exf4 3. Nf3 d6 4. Bc4 g5 5. h4 g4 6. Ng5 Nh6 7. O-O Be7 8. d4
Bxg5 9. hxg5 Qxg5 10. Bxf4 Qh5 11. e5 O-O 12. exd6 Nc6 13. dxc7 Bd7 14. Nd2
Rae8 15. Bd6 Nxd4 16. Bxf8 Nhf5 17. Bc5 Bc6 18. Bxd4 Bxg2 19. Rxf5 Qh1+ 20. Kf2
g3+ 21. Kxg3 Qh3+ 22. Kf2 Qxf5+ 23. Kxg2 Qg6+ 24. Kf2 24... Qf5+ {
blunite resigns} 1-0

[Event "ICS rated blitz match"]
[Site "207.99.83.227"]
[Date "1999.05.08"]
[Round "?"]
[White "SuperChicken"]
[Black "Hossa"]
[Result "1-0"]
[WhiteElo "2745"]
[BlackElo "2501"]
[Annotator "Crafty v16.6"]
[PlyCount "195"]

{annotating for player ossa using a scoring margin of +0.20 pawns. search time
limit is 1:00} 1. e4 1... e5 2. Nf3 Nf6 3. d4 exd4 4. e5 Ne4 5. Qxd4 d5 6. exd6
Nxd6 7. Nc3 Nc6 8. Qf4 Bf5 9. Bb5 Qe7+ ({9:-0.90} 9... Qe7+ 10. Kf1 Bxc2 11.
Nd5 Qd7 12. Ne5 Qc8 13. Bxc6+ bxc6 14. Nb4 Qf5 15. Nbxc6 Qxf4 16. Bxf4 $16) ({
9:-0.63} 9... Be7 10. Nd4 Bd7 11. Nxc6 bxc6 12. Ba4 Nb5 13. Ne4 Bb4+ 14. c3
14... Ba5 $14) 10. Be3 Nxb5 11. Nxb5 Qb4+ 12. Qxb4 Bxb4+ 13. c3 Ba5 14. b4 Bd3
15. Nbd4 Nxb4 16. Kd2 Be4 17. cxb4 Bxb4+ 18. Ke2 O-O-O 19. Rhd1 Rhe8 20. Nb5 a6
21. Rd4 Ba5 22. Rxd8+ Rxd8 23. Nbd4 Bc3 24. Rc1 Bb2 25. Rc4 Bd5 26. Ra4 Bxd4 ({
11:-0.42} 26... Bxd4 27. Nxd4 Bxg2 28. Nf5 g6 29. Ne7+ Kd7 30. Bg5 Re8 31. Rg4
h6 32. Bf6 32... Ke6 $14) ({11:+0.66} 26... b5 27. Rxa6 Kb7 28. Ra7+ Kxa7 29.
Ne6+ Kb7 30. Nxd8+ Kc8 31. Nxf7 Bxf7 32. Bd4 Bxd4 33. Nxd4 c5 34. Nxb5 34...
Bxa2 $15) 27. Rxd4 Bxa2 28. Rg4 g6 29. Rh4 h5 30. Rf4 Rd7 31. h3 Bd5 32. Bc5
Bxf3+ 33. Kxf3 b6 34. Be3 c5 35. g4 hxg4+ 36. hxg4 Kb7 37. Ke4 Kc6 38. Ke5 Re7+
39. Kf6 Kd7 40. Kg7 Ke8 41. Rf6 Rb7 42. Bg5 a5 43. Rd6 Rb8 44. Bf6 a4 45. f3 a3
46. Rd3 Ra8 47. Re3+ Kd7 48. Kxf7 a2 49. Ba1 g5 50. Kf6 Rg8 51. Re2 Kc6 52.
Rxa2 b5 53. Kf5 b4 54. Bf6 b3 55. Rb2 c4 56. Bxg5 Rxg5+ 57. Kxg5 Kd5 58. Kf6
Kd4 59. g5 c3 60. Rxb3 c2 61. Rb4+ Kd3 62. g6 c1=Q 63. g7 Qh6+ 64. Kf7 Qh5+ 65.
Ke7 Qg5+ 66. Kf7 Qd5+ 67. Kg6 Qe6+ 68. Kh7 Qf5+ 69. Kh6 Qf7 70. Rb6 Kd4 71. Rg6
Qf4+ 72. Kh7 Qc7 73. Re6 Kd5 74. Rh6 Qa7 75. Kh8 Qa1 76. f4 Ke4 77. Kh7 Qa7 78.
Rf6 Qd7 79. f5 Qc7 80. Rf8 Kd4 81. f6 Qh2+ 82. Kg8 Qh6 83. Rd8+ Kc3 84. f7 Qe6
85. Rd1 Kb4 86. Rd6 Qa2 87. Rh6 Kc5 88. Kh8 Qxf7 89. g8=Q Qf5 90. Qg1+ Kc4 91.
Rc6+ Kb3 92. Qg8+ Ka3 93. Rc3+ Kb4 94. Qc4+ Ka5 95. Ra3+ Kb6 96. Ra6+ Kb7 97.
Qc6+ Kb8 98. Ra8# 1-0

[Event "ICS rated blitz match"]
[Site "207.99.83.227"]
[Date "1999.05.08"]
[Round "?"]
[White "matar"]
[Black "Hossa"]
[Result "0-1"]
[WhiteElo "2238"]
[BlackElo "2495"]
[PlyCount "140"]

1. e4 e5 2. Nf3 Nf6 3. Nc3 Bb4 4. Nxe5 Qe7 5. Nd3 Bxc3 6. dxc3 Qxe4+ 7. Be3 O-O
8. Nc5 Qc6 9. Qd3 b6 10. Nb3 Ba6 11. Qf5 Re8 12. O-O-O Bxf1 13. Rhxf1 d6 14.
Nd4 Qc4 15. Kb1 Nbd7 16. Qd3 Qxd3 17. cxd3 Nd5 18. Bc1 Ne5 19. h3 a6 20. f4 Ng6
21. Nc6 b5 22. f5 Ne5 23. Nxe5 Rxe5 24. c4 Nb6 25. b3 g6 26. fxg6 fxg6 27. Kc2
Re2+ 28. Rd2 Rae8 29. Rf2 Rxf2 30. Rxf2 bxc4 31. bxc4 d5 32. Kb3 dxc4+ 33. dxc4
Nd7 34. Bb2 Nc5+ 35. Kc2 Re4 36. Rd2 Rxc4+ 37. Kb1 Kf7 38. Ba3 Ke6 39. Re2+ Ne4
40. Bb2 c5 41. Re3 a5 42. g4 a4 43. Bc1 Kd5 44. Rd3+ Rd4 45. Rf3 Ke6 46. Rf8
Rc4 47. Re8+ Kd7 48. Rh8 Nc3+ 49. Kb2 Nxa2 50. Rxh7+ Ke6 51. Kxa2 Rxc1 52. Ra7
Rc2+ 53. Ka3 Rc3+ 54. Kxa4 Rxh3 55. Kb5 Rc3 56. Ra6+ Kf7 57. Rc6 Rc2 58. g5 c4
59. Rxc4 Rxc4 60. Kxc4 Ke6 61. Kd4 Kf5 62. Ke3 Kxg5 63. Kf3 Kh4 64. Kg2 Kg4 65.
Kf2 Kh3 66. Kg1 Kg3 67. Kf1 g5 68. Kg1 g4 69. Kh1 Kf2 70. Kh2 70... g3+ {
matar resigns} 0-1

[Event "ICS rated blitz match"]
[Site "207.99.83.227"]
[Date "1999.05.08"]
[Round "?"]
[White "Hossa"]
[Black "matar"]
[Result "1-0"]
[WhiteElo "2501"]
[BlackElo "2230"]
[PlyCount "65"]

1. e4 c5 2. Nc3 e6 3. Nf3 a6 4. Be2 b5 5. O-O Bb7 6. d4 cxd4 7. Qxd4 Qc7 8. a3
Nc6 9. Qe3 Nf6 10. Rd1 Be7 11. Qf4 d6 12. Qg3 O-O 13. Bh6 Nh5 14. Qg4 Kh8 15.
Qxh5 gxh6 16. Qxh6 Rg8 17. Bd3 Rg6 18. Qh5 Rag8 19. Ne1 Ne5 20. Bf1 f5 21. exf5
Rg5 22. Qh6 exf5 23. Nd5 Qd8 24. Nxe7 Qxe7 25. Qxd6 Qg7 26. g3 f4 27. Rd2 fxg3
28. fxg3 Rxg3+ 29. hxg3 Qxg3+ 30. Bg2 Bxg2 31. Qf6+ Qg7 32. Qxg7+ Rxg7 33. Rd8+
{matar resigns} 1-0

[Event "ICS rated blitz match"]
[Site "207.99.83.227"]
[Date "1999.05.08"]
[Round "?"]
[White "Hossa"]
[Black "blunite"]
[Result "1-0"]
[WhiteElo "2507"]
[BlackElo "2293"]
[PlyCount "37"]

1. e4 e5 2. f4 exf4 3. Nf3 d6 4. Bc4 g5 5. h4 g4 6. Ng5 Nh6 7. O-O Be7 8. d4
Bxg5 9. hxg5 Qxg5 10. Bxf4 Qh5 11. e5 dxe5 12. Bxe5 O-O 13. Bxc7 Nc6 14. d5 Ne5
15. Nd2 Bd7 16. Ne4 Kg7 17. Qd4 f6 18. Nxf6 Rxf6 19. Bxe5 {blunite resigns} 1-0

[Event "ICS rated blitz match"]
[Site "207.99.83.227"]
[Date "1999.05.08"]
[Round "?"]
[White "matar"]
[Black "Hossa"]
[Result "0-1"]
[WhiteElo "2223"]
[BlackElo "2514"]
[PlyCount "66"]

1. e4 e5 2. Nf3 Nf6 3. Nc3 Bb4 4. Bc4 d6 5. O-O Be6 6. Bxe6 fxe6 7. d3 O-O 8.
Ne2 Nc6 9. c3 Bc5 10. Ng3 Ng4 11. Qb3 Qc8 12. h3 Nxf2 13. Rxf2 Bxf2+ 14. Kxf2
a6 15. Kg1 a5 16. a4 Qd7 17. Be3 b6 18. Ng5 d5 19. Rf1 Rxf1+ 20. Nxf1 Rf8 21.
Ng3 Ne7 22. Nf3 Ng6 23. Qb5 Qd6 24. Kh2 c5 25. Qb3 Rf7 26. c4 d4 27. Bg1 Nf4
28. Qd1 Rf8 29. b3 Qc7 30. Kh1 Qf7 31. Bh2 Nxh3 32. Qe2 Nf4 33. Qe1 33... Nxg2
{matar resigns} 0-1

[Event "ICS rated blitz match"]
[Site "207.99.83.227"]
[Date "1999.05.08"]
[Round "?"]
[White "Hossa"]
[Black "matar"]
[Result "1-0"]
[WhiteElo "2519"]
[BlackElo "2218"]
[PlyCount "23"]

1. e4 c5 2. Nc3 e6 3. Nf3 Nc6 4. Bb5 Nd4 5. O-O Nxb5 6. Nxb5 d5 7. exd5 exd5 8.
Re1+ Be6 9. Ng5 Nf6 10. Qe2 a6 11. Nxe6 fxe6 12. Qxe6+ {matar resigns} 1-0

[Event "ICS rated blitz match"]
[Site "207.99.83.227"]
[Date "1999.05.08"]
[Round "?"]
[White "BountyHunter"]
[Black "Hossa"]
[Result "1-0"]
[WhiteElo "2870"]
[BlackElo "2524"]
[Annotator "Crafty v16.6"]
[PlyCount "114"]

{annotating for player ossa using a scoring margin of +0.20 pawns. search time
limit is 1:00} 1. d4 1... Nf6 2. c4 d6 3. Nf3 g6 4. Nc3 Bg7 5. e4 Bg4 6. Be2
Bxf3 ({10:-0.81} 6... Bxf3 7. Bxf3 Nc6 8. Be3 O-O 9. O-O a6 10. e5 dxe5 11.
Bxc6 $16) ({10:-0.49} 6... O-O 7. O-O Nbd7 8. Bg5 Nb6 9. Nd2 Bxe2 10. Qxe2 c5
11. dxc5 dxc5 12. Rad1 $14) 7. Bxf3 Nfd7 8. O-O Nc6 9. Be3 e5 10. dxe5 Ndxe5
11. Be2 O-O 12. c5 dxc5 13. Bxc5 Re8 14. Qb3 Nd7 15. Be3 Nb6 16. Rfd1 Nd4 17.
Bxd4 Bxd4 18. Nb5 c5 19. Bf3 Qd7 20. Rac1 Re5 21. Nxd4 cxd4 22. Qa3 a5 23. Rc5
Qe7 24. Rc2 Rd8 25. Rcd2 Qxa3 26. bxa3 Rc5 27. Kf1 Rc4 28. Be2 Ra4 29. Rb2 Nc4
30. Rxb7 Nxa3 31. e5 Nc4 32. Rb5 d3 33. Rxd3 Nd2+ 34. Ke1 Rxd3 35. Bxd3 Rxa2
36. Rb8+ Kg7 37. Rb7 Kf8 38. e6 fxe6 39. Rxh7 g5 40. Rh5 g4 41. Rg5 Ke7 42.
Rxg4 a4 43. h4 a3 44. Rb4 Kf6 45. f4 Kf7 46. h5 Nb1 47. Rb7+ Ke8 48. h6 Rxg2
49. h7 Rh2 50. Bxb1 Rh1+ 51. Kf2 Rh2+ 52. Kg1 Rh4 53. h8=Q+ Rxh8 54. Rb8+ Kd7
55. Rxh8 Kd6 56. Ra8 Kc5 57. Ba2 e5 1-0

[Event "ICS rated blitz match"]
[Site "207.99.83.227"]
[Date "1999.05.08"]
[Round "?"]
[White "Hossa"]
[Black "RagingBull"]
[Result "1-0"]
[WhiteElo "2520"]
[BlackElo "2160"]
[PlyCount "90"]

1. e4 e5 2. f4 Bc5 3. Qh5 d6 4. fxe5 dxe5 5. Qxe5+ Qe7 6. Qxg7 Qxe4+ 7. Ne2
Qh4+ 8. g3 Qf6 9. Qxf6 Nxf6 10. d4 Bd6 11. Bg2 O-O 12. O-O Kg7 13. Nbc3 a6 14.
Bf4 Nc6 15. Bxd6 cxd6 16. Rf4 Bd7 17. Raf1 Ng8 18. Ne4 d5 19. N4c3 Nge7 20.
Nxd5 Be6 21. Nxe7 Nxe7 22. Nc3 Rfd8 23. d5 Nxd5 24. Nxd5 Bxd5 25. Bxd5 Rxd5 26.
Rxf7+ Kg8 27. Rxb7 Re8 28. c4 Rd2 29. Rf2 Ree2 30. Rxe2 Rxe2 31. Rb6 Rc2 32.
Rxa6 Rxb2 33. c5 Rc2 34. c6 h5 35. a4 h4 36. gxh4 Kh7 37. a5 Kh6 38. Rb6 Kh5
39. a6 Kxh4 40. Rb4+ Kh3 41. Rb3+ Kh4 42. a7 Rc1+ 43. Kf2 Ra1 44. c7 Ra2+ 45.
Kf3 45... Rxa7 {RagingBull resigns} 1-0

[Event "ICS rated blitz match"]
[Site "207.99.83.227"]
[Date "1999.05.08"]
[Round "?"]
[White "RagingBull"]
[Black "Hossa"]
[Result "0-1"]
[WhiteElo "2156"]
[BlackElo "2524"]
[Annotator "Fritz 5.32 (10s)"]
[PlyCount "12"]

1. e4 e5 2. Nf3 Nf6 3. Nc3 Bb4 4. Nxe5 Qe7 5. d4 $17 (5. Nd3 $5 {
kommt in Betracht} 5... Bxc3 6. dxc3 Qxe4+ 7. Qe2 $11) 5... d6 6. Nf3 Nxe4 (
6... Nxe4 7. Qe2 Nxc3 8. Qxe7+ 8... Kxe7 $17) 0-1

[Event "ICS rated blitz match"]
[Site "207.99.83.227"]
[Date "1999.05.08"]
[Round "?"]
[White "Hossa"]
[Black "Rook99"]
[Result "1-0"]
[WhiteElo "2530"]
[BlackElo "2217"]
[PlyCount "29"]

1. e4 d5 2. exd5 Qxd5 3. Nc3 Qd8 4. Nf3 Nf6 5. Bb5+ c6 6. Bc4 g6 7. Ne5 Nd5 8.
Nxd5 cxd5 9. Qf3 f6 10. Bxd5 fxe5 11. Bf7+ Kd7 12. Qd5+ Kc7 13. Qxe5+ Qd6 14.
Qxh8 Bg4 15. f3 {Rook99 resigns} 1-0

[Event "ICS rated blitz match"]
[Site "207.99.83.227"]
[Date "1999.05.08"]
[Round "?"]
[White "brutus"]
[Black "Hossa"]
[Result "0-1"]
[WhiteElo "2176"]
[BlackElo "2535"]
[PlyCount "58"]

1. e4 e5 2. Nf3 Nf6 3. Nc3 Bb4 4. Bc4 d6 5. d3 Be6 6. Bb3 O-O 7. Bg5 Nbd7 8.
O-O Qe8 9. Nh4 c6 10. f4 Bc5+ 11. Kh1 Be3 12. Qe2 exf4 13. Bxf4 Bxf4 14. Rxf4
g5 15. Rxf6 Nxf6 16. Rf1 gxh4 17. Rxf6 Qe7 18. Qf2 h3 19. g3 Kg7 20. Rf4 Kh8
21. Ne2 Rg8 22. Nd4 Bxb3 23. axb3 c5 24. Rxf7 Rgf8 25. Rxf8+ Rxf8 26. Nf5 Qg7
27. Qe2 Qxb2 28. Qd1 Qe5 29. Qh5 29... Qa1+ {brutus resigns} 0-1

[Event "ICS rated blitz match"]
[Site "207.99.83.227"]
[Date "1999.05.08"]
[Round "?"]
[White "Hossa"]
[Black "brutus"]
[Result "1-0"]
[WhiteElo "2539"]
[BlackElo "2172"]
[PlyCount "41"]

1. e4 e6 2. Nf3 d5 3. exd5 exd5 4. Bb5+ c6 5. Be2 Bg4 6. O-O Bd6 7. Ng5 Bxe2 8.
Qxe2+ Ne7 9. Qh5 Ng6 10. Nxh7 Qe7 11. d4 Nd7 12. Bg5 Nf6 13. Bxf6 gxf6 14. Nd2
O-O-O 15. Rfe1 Qc7 16. Nf1 Rdg8 17. Ng3 Rg7 18. Nxf6 Rxh5 19. Re8+ Qd8 20.
Rxd8+ Kxd8 21. Ngxh5 {brutus resigns} 1-0

[Event "ICS rated blitz match"]
[Site "207.99.83.227"]
[Date "1999.05.08"]
[Round "?"]
[White "matar"]
[Black "Hossa"]
[Result "0-1"]
[WhiteElo "2259"]
[BlackElo "2530"]
[PlyCount "87"]

1. e4 e5 2. Nf3 Nf6 3. d4 exd4 4. e5 Ne4 5. Qxd4 d5 6. exd6 Nxd6 7. Bd3 Nc6 8.
Qf4 Be7 9. O-O O-O 10. Nc3 Bd7 11. Bd2 Re8 12. Rfe1 Be6 13. Ne4 Nxe4 14. Qxe4
g6 15. Qf4 Bd6 16. Qh6 Bf8 17. Qf4 Bg7 18. Bc3 Bxc3 19. bxc3 Qd6 20. Qh6 Qf8
21. Qh4 Bd5 22. Ng5 Rxe1+ 23. Rxe1 h6 24. Ne4 Bxa2 25. c4 f5 26. Nc3 Nb4 27.
Nxa2 Nxa2 28. g4 Nb4 29. gxf5 Nxd3 30. cxd3 Qxf5 31. Qxh6 Rf8 32. f3 Qxd3 33.
Re3 Qd6 34. c5 Qc6 35. Kg2 a6 36. Rd3 b6 37. h4 Qe6 38. h5 Qe2+ 39. Kg1 Qxd3
40. hxg6 Qd4+ 41. Kg2 Qb2+ 42. Kg1 Rxf3 43. Qh7+ Kf8 44. Qh6+ {matar resigns}
0-1

[Event "ICS rated blitz match"]
[Site "207.99.83.227"]
[Date "1999.05.08"]
[Round "?"]
[White "Hossa"]
[Black "totoff"]
[Result "1-0"]
[WhiteElo "2536"]
[BlackElo "2156"]
[PlyCount "57"]

1. e4 e6 2. Nf3 c5 3. Nc3 a6 4. d4 cxd4 5. Nxd4 Qc7 6. Bd3 Nc6 7. Be3 Nf6 8.
Qd2 Ne5 9. O-O Neg4 10. Bf4 d6 11. f3 Ne5 12. Bg5 Be7 13. Qf2 Nc4 14. Na4 b5
15. Qe2 Ne5 16. Nc3 Bd7 17. a4 b4 18. Na2 a5 19. Nb5 Qb7 20. Bxf6 gxf6 21. f4
Nxd3 22. Qxd3 Qb6+ 23. Kh1 Bxb5 24. axb5 O-O 25. f5 Rac8 26. fxe6 fxe6 27. Qb3
Qxb5 28. Qxe6+ Kh8 29. Qxe7 {totoff resigns} 1-0

[Event "ICS rated blitz match"]
[Site "207.99.83.227"]
[Date "1999.05.08"]
[Round "?"]
[White "Hossa"]
[Black "totoff"]
[Result "1-0"]
[WhiteElo "2539"]
[BlackElo "2196"]
[PlyCount "29"]

1. e4 e6 2. Nf3 c5 3. Nc3 a6 4. d4 cxd4 5. Nxd4 Nc6 6. Be2 Qc7 7. O-O Nf6 8.
Bg5 Be7 9. Qd2 O-O 10. Rad1 Na5 11. Qf4 d6 12. Qg3 Rd8 13. f4 e5 14. Bxf6 Bxf6
15. Nd5 {totoff resigns} 1-0

[Event "ICS rated blitz match"]
[Site "207.99.83.227"]
[Date "1999.05.08"]
[Round "?"]
[White "matar"]
[Black "Hossa"]
[Result "0-1"]
[WhiteElo "2244"]
[BlackElo "2543"]
[PlyCount "64"]

1. e4 e5 2. Nf3 Nf6 3. d4 exd4 4. e5 Ne4 5. Qxd4 d5 6. exd6 Nxd6 7. Bd3 Nc6 8.
Qf4 Be7 9. O-O O-O 10. Nc3 Bd7 11. Re1 Re8 12. Ne4 Nb4 13. Bd2 Nxd3 14. cxd3
Be6 15. Bc3 Rb8 16. Nfg5 Bxg5 17. Nxg5 Qd7 18. Qd4 Nf5 19. Qxa7 c6 20. Nxe6
fxe6 21. Be5 Ra8 22. Qc5 Qxd3 23. Rad1 Qa6 24. Rd7 Red8 25. Red1 Rxd7 26. Rxd7
Qxa2 27. g4 Qb1+ 28. Kg2 Qe4+ 29. Kh3 h5 30. gxh5 Qh4+ 31. Kg2 Qg4+ 32. Bg3
32... Nh4+ {matar resigns} 0-1

[Event "ICS rated blitz match"]
[Site "207.99.83.227"]
[Date "1999.05.08"]
[Round "?"]
[White "Hossa"]
[Black "Rook99"]
[Result "1-0"]
[WhiteElo "2548"]
[BlackElo "2204"]
[PlyCount "97"]

1. e4 e6 2. Nf3 d5 3. exd5 exd5 4. Bb5+ c6 5. Be2 Bd6 6. O-O Ne7 7. d4 O-O 8.
Re1 Bg4 9. Nbd2 Nd7 10. Ng5 Bxe2 11. Qxe2 h6 12. Ngf3 Ng6 13. Qd3 Re8 14. Rxe8+
Qxe8 15. Nb3 Nf4 16. Bxf4 Bxf4 17. Qf5 Bd6 18. Re1 Qd8 19. Nbd2 Nf8 20. c4 dxc4
21. Nxc4 Ne6 22. Rxe6 Bxh2+ 23. Nxh2 fxe6 24. Qxe6+ Kh8 25. Nf3 Qd5 26. Qxd5
cxd5 27. Ne3 Rc8 28. Ne5 Rc1+ 29. Kh2 Rb1 30. Nd3 a5 31. g3 g5 32. a3 b5 33.
Kg2 b4 34. axb4 axb4 35. Nxd5 b3 36. Nc3 Ra1 37. Nc5 Kg7 38. Nxb3 Re1 39. Nc5
Kf6 40. b4 Rc1 41. N5e4+ Ke6 42. g4 Rc2 43. Kf3 Rb2 44. b5 Rb4 45. Ke3 Rb2 46.
Nc5+ Kd6 47. Nd3 Rb4 48. Nxb4 Kc7 49. Ncd5+ {Rook99 resigns} 1-0

[Event "ICS Rated blitz match"]
[Site "207.99.83.227"]
[Date "1999.05.08"]
[Round "?"]
[White "Hossa"]
[Black "rajah"]
[Result "0-1"]
[WhiteElo "2568"]
[BlackElo "2471"]
[Annotator "Crafty v16.6"]
[PlyCount "82"]

{annotating for player ossa using a scoring margin of +0.20 pawns. search time
limit is 1:00} 1. e4 1... c5 2. Nf3 Nc6 3. Bb5 Qb6 4. Nc3 e6 5. O-O Nge7 6. d3
Nd4 7. Ba4 Nxf3+ 8. Qxf3 Ng6 9. Nb5 a6 10. Na3 Be7 11. Nc4 Qa7 12. Bb3 b5 13.
Ne3 O-O 14. a4 b4 15. Rb1 Bb7 16. Qh5 Rad8 17. f4 Qb8 18. f5 ({9:-0.20} 18. f5
18... Ne5 19. fxe6 dxe6 20. Nc4 Nxc4 21. Bxc4 Qd6 22. Be3 a5 23. Bf4 $10) ({
9:+0.21} 18. Ng4 18... Qa7 19. Be3 Nh4 20. g3 Ng6 21. f5 Nh8 22. fxe6 22...
dxe6 $10) 18... Ne5 19. Bd2 ({10:-0.52} 19. Bd2 19... Qd6 20. Be1 Bf6 21. fxe6
dxe6 22. Bf2 Rd7 23. Nc4 Nxc4 24. Bxc4 24... Bd4 $15) ({10:-0.23} 19. fxe6
19... dxe6 20. Nc4 Nxc4 21. Bxc4 Qd6 22. Be3 Bc6 23. e5 Qd7 24. Rbc1 Bxa4 25.
Bxa6 $10) 19... Qd6 20. fxe6 dxe6 21. Rbd1 Bf6 22. Kh1 Qd4 23. Bc1 ({10:-0.88} 
23. Bc1 23... Rfe8 24. Nc4 Nxc4 25. Bxc4 Bxe4 26. Bxa6 Bg6 27. Qf3 Bh4 28. Bc4
$17) ({10:-0.43} 23. Nc4 23... Nxc4 24. Bxc4 Qd6 25. c3 bxc3 26. bxc3 Bc6 27.
a5 Ba4 28. Rb1 28... Bc2 $15) 23... Rd6 24. Rde1 ({11:-0.55} 24. Rde1 24... Rd7
25. Nc4 Nxc4 26. Bxc4 Be5 27. Be3 Qd6 28. Rf3 Bd4 29. Rh3 Bxe3 30. Rhxe3 $15) (
{11:+0.17} 24. c3 24... bxc3 25. Nc2 cxb2 26. Nxd4 bxc1=Q 27. Rxc1 Rxd4 28. Bc4
Nxd3 29. Bxd3 Rxd3 30. e5 30... Be7 $10) 24... g6 25. Qh3 Bg7 26. Nd1 Rdd8 27.
Bh6 ({10:-0.81} 27. Bh6 27... Bxh6 28. Qxh6 c4 29. dxc4 Nxc4 30. Bxc4 Qxc4 31.
Ne3 Qd4 32. Ng4 f5 33. c3 bxc3 34. bxc3 Qxc3 35. exf5 35... Rxf5 $17) ({
10:-0.44} 27. Be3 27... Qd6 28. Bh6 a5 29. Bxg7 Kxg7 30. Qh4 Kg8 31. Qf6 Qd4
32. Rf4 $15) 27... Bxh6 28. Qxh6 c4 29. dxc4 Nxc4 30. Bxc4 ({9:-1.37} 30. Bxc4
30... Qxc4 31. Nf2 Qxc2 32. Ng4 f5 33. Rf2 Qc6 34. exf5 exf5 35. Ne5 35... Qxa4
$17) ({9:-1.11} 30. Nf2 $17) 30... Qxc4 31. Ne3 Qxe4 32. Rf3 Rd7 33. Rh3 f5 34.
Rh4 f4 35. h3 Qe5 36. c3 fxe3 37. Rg4 e2 38. Qc1 Rdf7 39. Rg1 Rf1 40. Qe1 Rxe1
41. Rxg6+ hxg6 0-1

[Event "ICS rated blitz match"]
[Site "207.99.83.227"]
[Date "1999.05.08"]
[Round "?"]
[White "brutus"]
[Black "Hossa"]
[Result "0-1"]
[WhiteElo "2179"]
[BlackElo "2548"]
[PlyCount "27"]

1. e4 e5 2. Nf3 Nf6 3. Nc3 Bb4 4. Bc4 d6 5. O-O Be6 6. Bxe6 fxe6 7. d3 O-O 8.
Ng5 Qd7 9. f4 Nc6 10. f5 exf5 11. Rxf5 Bc5+ 12. Kh1 Nd4 13. Rf1 Ng4 14. Nf3 {
brutus resigns} 0-1

[Event "ICS rated blitz match"]
[Site "207.99.83.227"]
[Date "1999.05.08"]
[Round "?"]
[White "Hossa"]
[Black "matar"]
[Result "1-0"]
[WhiteElo "2556"]
[BlackElo "2227"]
[PlyCount "73"]

1. e4 c5 2. Nc3 e6 3. Nf3 a6 4. Be2 Nc6 5. d4 cxd4 6. Nxd4 Qc7 7. O-O Nf6 8.
Bg5 Be7 9. Qd2 O-O 10. Rad1 b5 11. Nxc6 dxc6 12. Qe3 Bb7 13. a4 Rfd8 14. e5 Nd5
15. Nxd5 cxd5 16. Bxe7 Qxe7 17. axb5 axb5 18. Bxb5 Qb4 19. Bd3 Ba6 20. Bxa6
Rxa6 21. Qd4 Rb6 22. Qxb4 Rxb4 23. b3 Rc8 24. Rd2 Rc3 25. Ra1 g5 26. Kf1 Re4
27. Re1 Rb4 28. f3 Kg7 29. Kf2 h5 30. Re3 Rc5 31. h3 Kg6 32. Kg1 h4 33. Kf2 Kf5
34. Kf1 d4 35. Re4 Rxe5 36. Rdxd4 Rxe4 37. fxe4+ {matar resigns} 1-0

[Event "ICS rated blitz match"]
[Site "207.99.83.227"]
[Date "1999.05.09"]
[Round "?"]
[White "Hossa"]
[Black "matar"]
[Result "1-0"]
[WhiteElo "2560"]
[BlackElo "2246"]
[Annotator "Fritz 5.32 (15s)"]
[PlyCount "15"]

1. e4 c5 2. Nc3 e6 3. Nf3 a6 4. Be2 (4. g3 b5 5. Bg2 Bb7 6. d3 (6. Qe2 Nc6 7.
O-O d6 8. d3 Nf6 9. h3 Be7 10. b3 O-O 11. Bb2 Nd7 12. Nd1 Bf6 13. c3 g6 14. Ne3
Bg7 15. Rfd1 Ne7 16. Rd2 Re8 17. Rad1 d5 18. d4 dxe4 19. Ng5 cxd4 20. Nxe4
20... Bxe4 {Craven,M-Johansen,D/Suncoast AUS 1999/0-1 (40)}) 6... d6 7. Ng5 Be7
8. f4 Nc6 9. Qh5 g6 10. Qd1 Nd4 11. O-O Qc7 12. Nb1 Nf6 13. c3 Nc6 14. Be3 O-O
15. Nd2 b4 16. d4 bxc3 17. bxc3 Na5 18. Qe2 18... Rac8 {
Najer,E-Illijin,N/Groningen NED 1998/1-0 (45)}) 4... d5 $146 (4... Nc6 5. O-O
Qc7 6. Re1 d6 7. d3 Be7 8. Bf4 Nf6 9. h3 O-O 10. Qd2 Nd7 11. Nd1 Bf6 12. c3
Nde5 13. Ne3 b5 14. Ng4 Nxg4 15. hxg4 Be7 16. Bg3 Bb7 17. d4 cxd4 18. Nxd4 Rfd8
19. Nxc6 {Jamrich,G-Hera,I/Balatonbereny op 1996/ - (53)}) (4... b5 5. a3 Bb7
6. d3 Be7 7. Be3 Nf6 8. Nd2 Nc6 9. Nb3 d6 10. O-O O-O 11. f4 Qc7 12. Bf3 Rac8
13. Qe1 Nd7 14. Qg3 Bf6 15. Rad1 Nd4 16. Ne2 Nxc2 17. Bf2 Qb6 18. Rc1 Nd4 19.
Nbxd4 {Anhalt,A-Heuermann,H/NRW-I 1992/0-1 (48)}) 5. exd5 exd5 6. O-O $11 (6.
d4 6... Nf6 $14) 6... d4 {Schwarz engt den Gegner ein} 7. Re1 {Droht Matt} 7...
Nf6 $4 {Schwarz muss dringend die Entwicklung vorantreiben.} (7... Be7 $142 {
war die einzige Moeglichkeit, noch zu kaempfen} 8. Ne4 8... Nc6 $11) 8. Bb5#
1-0